000 00237nam a2200097Ia 4500
008 210430s9999 xx 000 0 und d
020 _a685-685685-685
082 _a543.896 M578 P
245 _aPractical Aspects of Gas
942 _cBK
_2ddc
999 _c561849
_d561849